Εκπαιδευτικές μεταρρυθμίσεις στην Ελλάδα : πρωτοβάθμια και δευτεροβάθμια γενική και τεχνικοεπαγγελματική εκπαίδευση
Αποθηκεύτηκε σε:
| Κύριος συγγραφέας: | |
|---|---|
| Μορφή: | Βιβλίο |
| Γλώσσα: | Greek |
| Δημοσίευση: |
Αθήνα :
Gutenberg,
2002, 2006.
|
| Σειρά: | Τεκμήρια-Μελέτες ιστορίας νεοελληνικής εκπαίδευσης ;
v.1 |
| Θέματα: | |
| Ετικέτες: |
Προσθήκη ετικέτας
Δεν υπάρχουν, Καταχωρήστε ετικέτα πρώτοι!
|
MARC
| LEADER | 00000cam a2200000 i 4500 | ||
|---|---|---|---|
| 001 | 1/94682 | ||
| 008 | 080929s20022006gr | ||| |||| ||gre|| | ||
| 020 | |a 9600105286 |q (τ.1) | ||
| 020 | |a 960010560X |q (τ.2) | ||
| 035 | |l 10100513 | ||
| 040 | |a GR-MY-UA |b gre |e aacr | ||
| 041 | 0 | |a gre | |
| 082 | 7 | |a 370.9495 |2 (22) | |
| 100 | 1 | |a Μπουζάκης, Σήφης. | |
| 245 | 1 | 0 | |a Εκπαιδευτικές μεταρρυθμίσεις στην Ελλάδα : |b πρωτοβάθμια και δευτεροβάθμια γενική και τεχνικοεπαγγελματική εκπαίδευση / |c Σήφης Μπουζάκης. |
| 260 | |a Αθήνα : |b Gutenberg, |c 2002, 2006. | ||
| 300 | |a 2 τ. ; |c 24 εκ. | ||
| 490 | 1 | |a (Τεκμήρια-μελέτες ιστορίας νεοελληνικής εκπαίδευσης ; |v vol.1) | |
| 500 | |a Εισηγητικές εκθέσεις εκπαιδευτικών νομοσχεδίων-Συζητήσεις στη Βουλή-Σχόλια. | ||
| 500 | |a Το Παράρτημα Σάμου διαθέτει την 1η ανατύπωση της 4ης έκδοσης του 2006 και την 3η συμπληρωμένη έκδοση του 2002. | ||
| 505 | 0 | |a Τ.1. Μεταρρυθμιστικές προσπάθειες 19ος αιώνας - 1913,1929 -- τ.2. Μεταρρυθμιστικές προσπάθειες 1959-1964-1976/77-1985-1997/98 | |
| 650 | 0 | 0 | |a Education |z Greece |x History |y 20th century. |
| 650 | 0 | 0 | |a Education |z Greece |x Law and legislation |z 20th century. |
| 740 | 0 | |a Μεταρρυθμιστικές προσπάθειες 19ος αιώνας - 1913, 1929 | |
| 740 | 0 | |a Μεταρρυθμιστικές προσπάθειες 1959-1964-1976/77-1985-1997/98 | |
| 830 | 0 | |a Τεκμήρια-Μελέτες ιστορίας νεοελληνικής εκπαίδευσης ; |v v.1 | |
| 852 | |a INST |b SAMOS |e 20080929 |h 370.9495 ΜΠΟ |p 005300030006 |q 005300030006 |t BK |y 0 |z τ.2 | ||
| 852 | |a INST |b SAMOS |e 20080929 |h 370.9495 ΜΠΟ |p 005300030007 |q 005300030007 |t BK |y 0 |z τ.1 | ||
| 852 | |a INST |b SAMOS |e 20080929 |h 370.9495 ΜΠΟ |p 005300030006 |q 005300030006 |t BK |v τ.2: |y 0 |z τ.2 | ||
| 852 | |a INST |b SAMOS |e 20080929 |h 370.9495 ΜΠΟ |p 005300030007 |q 005300030007 |t BK |v τ.1: |y 0 |z τ.1 | ||
| 853 | |a INST |b SAMOS |h 370.9495 ΜΠΟ | ||
| 901 | |a BIBL3-2008-3 | ||
| 909 | |a Σ |b 141566 | ||
| 909 | |a Σ |b 141565 | ||
| 922 | |a 3ΕΛΗ |b 200711 |c ΕΠΕΑΕΚ2/ΤΜΗΜΑ ΜΑΘΗΜΑΤΙΚΩΝ |d ΠΑΤΑΚΗΣ | ||
| 970 | |a ΡΟΥΣΣΟΥ |b ΚΩΝΣΤΑΝΤΙΝΑ |z 2008/09/29 | ||